000 01825nab a22002777a 4500
999 _c5666
_d5666
003 OSt
005 20251226214439.0
008 190603e xxum|||| |||| 00| 0 spa d
040 _cPJ
100 _95577
_aCafferata, Juan Manuel
245 1 0 _aAlgunas reflexiones sobre los animales y los vicios ocultos en el Cód. Civ. y Com. /
_cJuan Cafferata.
260 _cCiudad Autónoma de Buenos Aires :
_aThomson Reuters La Ley,
_b2025.
300 _ap. 212-226
500 _aCita: TR LALEY AR/DOC/430/2025 Publicado en: RCCyC 2025 (junio).
505 _a Sumario: I. Cuestiones a tratar.— II. Hechos.— III. La sentencia de primera instancia.— IV. La apelación.— V. La resolución de Cámara.— VI. La aplicación del régimen de defensa del consumidor.— VII. Los defectos y la garantía de reparación de cosas muebles no consumibles.— VIII. El art. 18 de la ley 24.240.— IX. El profesional frente a la responsabilidad por vicios en el Cód. Civ. y Com. Consecuencias.— X. La existencia del vicio al tiempo de la adquisición. Carga de la prueba.— XI. Las acciones derivadas de los vicios.— XII. La naturaleza jurídica de los animales.
505 _aFallo comentado: CNCiv., sala E ~ 11/09/2024 ~ C. R., A. L. D. L. P. c. H, L. A. y otro s/daños y perjuicios.
505 _t¿Te interesa el texto completo? Solicitalo al correo: koha@justierradelfuego.gov.ar
650 0 _91497
_aCODIGO CIVIL Y COMERCIAL
650 0 _92608
_aDERECHOS DEL CONSUMIDOR
650 0 _92823
_aDAÑOS Y PERJUICIOS
650 0 _92431
_aVICIOS REDHIBITORIOS
650 0 _92597
_aDEFENSA DEL CONSUMIDOR
700 _96614
_aPeralta Mariscal, Facundo
773 0 _02713
_93170
_dCiudad Autónoma de Buenos Aires : Thomson Reuters La Ley, 2015-
_tRevista Código Civil y Comercial. Nº 3 - Junio 2025
942 _2udc
_cANA